Paesi per Immagine #1 - Statistics

Statistiche generali
  • Questo quiz è stato fatto 113 volte
  • Il punteggio medio è 10 su 15
Statistiche sulle risposte
con Immagini Risposta % Corretto
Brasile
98%
Russia
97%
Giappone
95%
Australia
93%
Messico
85%
Germania
82%
India
81%
Emirati Arabi Uniti
72%
Thailandia
68%
Israele / Palestina
59%
Canada
57%
Islanda
57%
Norvegia
31%
Venezuela
20%
Nuova Zelanda
14%
Nessun quiz corrispondente trovato
Distribuzione punteggi
Percentuale di utenti per punteggio
Percentile per numero di risposta
I tuoi punteggi nel tempo
Non hai fatto questo quiz